Complete business statistics / (Record no. 26559)

000 -LEADER
fixed length control field 00678 a2200217 4500
008 - FIXED-LENGTH DATA ELEMENTS--GENERAL INFORMATION
fixed length control field 230731b ||||| |||| 00| 0 eng d
020 ## - INTERNATIONAL STANDARD BOOK NUMBER
International Standard Book Number 9780071077903
041 0# - LANGUAGE CODE
Language code of text/sound track or separate title eng
082 00 - DEWEY DECIMAL CLASSIFICATION NUMBER
Classification number 519.5
Item number A189
245 ## - TITLE STATEMENT
Title Complete business statistics /
250 ## - EDITION STATEMENT
Edition statement 7th ed.
260 ## - PUBLICATION, DISTRIBUTION, ETC. (IMPRINT)
Place of publication, distribution, etc Chennai :
Name of publisher, distributor, etc McGraw Hill Education ( India) Private Limited,
Date of publication, distribution, etc 2019.
300 ## - PHYSICAL DESCRIPTION
Extent xxvii, 960 p. :
Other physical details ill. ;
Dimensions 23 cm. + 1 CD
504 ## - BIBLIOGRAPHY, ETC. NOTE
Bibliography, etc Includes index.
650 #0 - SUBJECT ADDED ENTRY--TOPICAL TERM
Topical term or geographic name as entry element Commercial statistics
700 ## - ADDED ENTRY--PERSONAL NAME
9 (RLIN) 5615
Personal name Aczel, Amir D.
9 (RLIN) 5616
Personal name Sounderpandian, Jayavel
9 (RLIN) 5617
Personal name Saravanan, Palanisamy
9 (RLIN) 5618
Personal name Joshi, Rohit
942 ## - ADDED ENTRY ELEMENTS (KOHA)
Source of classification or shelving scheme
Item type Books
Holdings
Withdrawn status Lost status Source of classification or shelving scheme Damaged status Not for loan Permanent location Current location Shelving location Date acquired Source of acquisition Cost, normal purchase price Full call number Barcode Date last seen Cost, replacement price Koha item type
          IMU Kolkata IMU Kolkata Reference 2023-08-03 5 1125.00 519.5 A189 14297 2023-08-03 1500.00 Books
Designed and Maintained by IMU-KC Library, Kolkata Campus © Copyright All Rights Reserved

webs counters

Powered by Koha